[Event "Cordeiropolis op 3rd"]
[Site "Cordeiropolis"]
[Date "2013.09.01"]
[Round "6"]
[White "Martinatti, Vinicius Cardoso"]
[Black "Kajiwara, Joao Kazuyuki"]
[Result "0-1"]
[WhiteElo "1800"]
[BlackElo "1253"]
[PlyCount "84"]
[EventDate "2013.08.30"]
[EventType "swiss"]
[EventRounds "6"]
[EventCountry "BRA"]
[SourceTitle "CBM 156 Extra"]
[Source "ChessBase"]
[SourceDate "2013.10.22"]
[SourceVersion "1"]
[SourceVersionDate "2013.10.22"]
[SourceQuality "1"]

1. d4 Nf6 2. c4 c5 3. e3 e6 4. Nc3 cxd4 5. exd4 Be7 6. Nf3 d6 7. Bd3 0-0 8. Bg5 Nbd7 9. 0-0 b6 10. Re1 Re8 11. Ne4 h6 12. Nxf6+ Nxf6 13. Bh4 Bb7 14. b3 Rc8 15. Nd2 d5 16. cxd5 Qxd5 17. Nf3 Kf8 18. Re5 Qd8 19. Bc4 Nd7 20. Bxe7+ Rxe7 21. Re1 Nf6 22. Ne5 Rec7 23. f4 a6 24. Be2 Rc2 25. Rf1 Nd5 26. Qd3 R2c3 27. Qh7 Nf6 28. Qh8+ Ng8 29. f5 Qxd4+ 30. Rf2 Rc1+ 31. Rxc1 Rxc1+ 32. Bf1 Qxe5 33. fxe6 Qxe6 34. h3 Qd6 35. Qh7 Qd4 36. Qg6 Nf6 37. Qg3 Rc8 38. Bd3 Be4 39. Bxa6 Bg6 40. Bxc8 Ne4 41. Qxg6 Qxf2+ 42. Kh2 fxg6 0-1